000 00306nam a2200133 i 4500
001 bg
245 0 _aSłownik naukowo-techniczny angielsko-polski.
250 _aWyd.7 niezm.
260 _aWarszawa,
_c1983.
040 _cBPK
041 _apol
942 _cKS
008 s pl f |000 0 pol
999 _c29678
_d29678
856 _uhttp://koha.tu.koszalin.pl/cgi-bin/koha/opac-detail.pl?biblionumber=29678
_yKatalog online BPK